MARC

LEADER 00000nas a2200000 a 4500
001 ssj0006525
003 WaSeSS
005 20200512172242.0
006 m d
007 cr n
008 980610c19779999nyubr pss 0 a0eng c
010 |a  2004233373 
016 7 |a 2015065-9  |2 DE-600 
016 7 |a 012432472  |2 Uk 
022 |a 1573-2819  |l 0147-5916  |y 0147-5916 
035 |a (WaSeSS)ssj0006525 
040 |a F#A  |b eng  |e pn  |c F#A  |d OCL  |d OCLCQ  |d MUQ  |d OCLCQ  |d GUA  |d FQM  |d OCLCQ  |d CIT  |d GUA  |d OCLCQ  |d CUD  |d OCLCO  |d OCLCQ  |d OCLCO  |d BUF  |d OCLCQ  |d OCLCO  |d OCLCQ  |d OCLCO  |d OCLCF  |d OCLCO  |d OCLCQ  |d AU@  |d OCLCO  |d WYU  |d UKMGB  |d AUD  |d VT2  |d U3W  |d NJT  |d OCLCO  |d DLC  |d SFB  |d OCLCA  |d WaSeSS 
042 |a pcc 
050 0 0 |a BF311 
060 0 0 |a W1  |b CO107W 
082 0 4 |a 616.8117 
130 0 |a Cognitive therapy and research (Online) 
210 0 |a Cogn. ther. res.  |b (Dordr., Online) 
222 0 |a Cognitive therapy and research  |b (Dordrecht. Online) 
245 1 0 |a Cognitive therapy and research  |h [electronic resource]. 
260 |a New York :  |b Kluwer Academic/Plenum Publishers 
260 3 |3 Aug. 2004- :  |a [New York] :  |b Springer US 
310 |a Bimonthly 
362 1 |a Print began with vol. 1 (Mar. 1977). 
506 |a License restrictions may limit access. 
538 |a Mode of access: World Wide Web. 
588 |a Description based on: Vol. 21, issue 1 (Feb. 1997); title from contents screen (publisher's Web site, viewed Mar. 3, 2004). 
588 |a Latest issue consulted: Vol. 43, issue 4 (Aug. 2019) (Springer Link, viewed July 26, 2019). 
650 0 |a Cognition  |v Periodicals. 
650 0 |a Psychotherapy  |v Periodicals. 
650 0 |a Psychology  |x Research  |v Periodicals. 
650 6 |a Cognition  |v Périodiques. 
650 6 |a Psychothérapie  |v Périodiques. 
650 6 |a Psychologie  |x Recherche  |v Périodiques. 
650 7 |a Cognition.  |2 fast  |0 (OCoLC)fst00866457 
650 7 |a Psychology  |x Research.  |2 fast  |0 (OCoLC)fst01081506 
650 7 |a Psychotherapy.  |2 fast  |0 (OCoLC)fst01081755 
650 2 |a Cognition. 
650 2 |a Psychotherapy. 
650 2 |a Psychology. 
655 0 |a Electronic journals. 
776 0 8 |i Print version:  |t Cognitive therapy and research  |x 0147-5916  |w (DLC) 77641742  |w (OCoLC)3119600 
850 |a DLC 
856 4 0 |z Full text available from Research Library: 02/01/1997 to 1 year ago  |u https://search.proquest.com/publication/47945